The Dredging & Construction Co Ltd v Delta Civil Engineering Co Ltd (Record no. 62111)
[ view plain ]
| 000 -LEADER | |
|---|---|
| fixed length control field | 00812cam a2200205 4500 |
| 001 - CONTROL NUMBER | |
| control field | X103345 |
| 008 - FIXED-LENGTH DATA ELEMENTS--GENERAL INFORMATION | |
| fixed length control field | 000000n1999 000 0 eng u |
| 035 ## - SYSTEM CONTROL NUMBER | |
| System control number | (Sirsi) u103345 |
| 245 #4 - TITLE STATEMENT | |
| Title | The Dredging & Construction Co Ltd v Delta Civil Engineering Co Ltd |
| 260 ## - PUBLICATION, DISTRIBUTION, ETC. | |
| Date of publication, distribution, etc. | 1999 |
| 490 ## - SERIES STATEMENT | |
| Series statement | Construction Industry Law Letter |
| Volume/sequential designation | [1999] CILL 1553-1556 |
| 520 ## - SUMMARY, ETC. | |
| Summary, etc. | T&CC 7 October 1999. Arbitrator's judgement on sub-contract issues touching and concerning the main contract. Clause 18(8) of the Blue Form. (Taken from journal headnote.) |
| 650 ## - SUBJECT ADDED ENTRY--TOPICAL TERM | |
| Topical term or geographic name entry element | THE DREDGING & CONSTRUCTION CO LTD V DELTA CIVIL ENGINEERING CO LTD |
| 650 ## - SUBJECT ADDED ENTRY--TOPICAL TERM | |
| Topical term or geographic name entry element | ICE FORM OF CONTRACT |
| 650 ## - SUBJECT ADDED ENTRY--TOPICAL TERM | |
| Topical term or geographic name entry element | FCEC FORM |
| 650 ## - SUBJECT ADDED ENTRY--TOPICAL TERM | |
| Topical term or geographic name entry element | FCEC BLUE FORM OF CONTRACT |
| 650 ## - SUBJECT ADDED ENTRY--TOPICAL TERM | |
| Topical term or geographic name entry element | DISPUTE RESOLUTION |
| 9 (RLIN) | 6236 |
| 690 ## - LOCAL SUBJECT ADDED ENTRY--TOPICAL TERM (OCLC, RLIN) | |
| Topical term or geographic name as entry element | ARBITRATION-CASE LAW |
| 942 ## - ADDED ENTRY ELEMENTS (KOHA) | |
| Suppress in OPAC | 0 |
| Withdrawn status | Lost status | Source of classification or shelving scheme | Damaged status | Not for loan | Home library | Current library | Shelving location | Date acquired | Total Checkouts | Full call number | Barcode | Date last seen | Copy number | Price effective from | Koha item type |
|---|---|---|---|---|---|---|---|---|---|---|---|---|---|---|---|
| Dewey Decimal Classification | London | London | Journal article | 22/12/1999 | X103345 | 103345-1001 | 06/08/2019 | 1 | 06/08/2019 | Law report |